| 000 | 00319cam a22001217a 4500 | ||
|---|---|---|---|
| 008 | 180718b1936 xxu||||| |||| 00| 0 eng d | ||
| 082 | _aA4x54 T45 | ||
| 100 | _aTilak, Bal Ganadhar | ||
| 245 |
_aSrimad bhagavadgita bahasya _cby Bal Ganadhar Tilak |
||
| 260 |
_aPoona _b _c1936 |
||
| 300 | _axlviii,123p. | ||
| 650 | _aGeeta | ||
| 999 |
_c439994 _d439994 |
||